• 首页
  • 本馆介绍
  • 公告通知
  • 最新文献
  • 馆藏检索
  • 电子资源
  • 读者导购
  • 参考咨询
  • 我的图书馆
  • 登录
  • 详细信息显示
  • 放入我的书架
  • 预约/预借图书
  • 作者相关作品
  • 分类相关作品
  • 丛书相关作品
  • 出版社相关作品

书目信息

  • 表格格式
  • 工作单格式
  • 卡片格式
题名:
心理工具
    
 
作者: 柯祖林 著 ;黄佳芬 译
分册:  
出版信息: 上海   华东师范大学出版社  2007
页数: 22,160页
开本: 23cm
丛书名: 当代心理科学名著译丛
单 册:
中图分类: G446
科图分类:
主题词: 教育心理学--社会心理学--研究 , 教育心理学 , 社会心理学
电子资源:
ISBN: 978-7-5617-5664-5
000 01185oam2 2200301 450
001 1259254609
005 20121005162809.93
010    @a978-7-5617-5664-5@dCNY25.00
100    @a20080408d2007 em y0chiy50 ea
101 1  @achi@ceng
102    @aCN@b310000
105    @ay z 000yy
200 1  @a心理工具@Axin li gong ju@e教育的社会文化研究@dPsychological tools@ea sociocultural approach to education@fA. 柯祖林(Alex Kozulin)著@g黄佳芬译@zeng
210    @a上海@c华东师范大学出版社@d2007
215    @a22,160页@d23cm
225 2  @a当代心理科学名著译丛
330    @a本书对20世纪最伟大的心理学家之一——维果斯基的社会文化理论在教育中的运用作了详细介绍。还对“中介学习”等重要概念及其对教育的启示作了深入阐述。
461  0 @12001 @a当代心理科学名著译丛
510 1  @aPsychological tools@ea sociocultural approach to education@zeng
517 1  @a教育的社会文化研究@Ajiao yu de she hui wen hua yan jiu
606 0  @a教育心理学@x社会心理学@x研究
606 0  @a教育心理学
606 0  @a社会心理学
690    @aG446@v4
701  0 @c(以)@a柯祖林@Ake zu lin@c(Kozilin, Alex)@4著
702  0 @a黄佳芬@Ahuang jia fen@4译
801  0 @aCN@bNLC@c20101222
905    @a10447@dG446@eJY486
    
    心理工具:教育的社会文化研究=Psychological tools:a sociocultural approach to education/A. 柯祖林(Alex Kozulin)著/黄佳芬译.-上海:华东师范大学出版社,2007
    22,160页;23cm.-(当代心理科学名著译丛)
    
    
    ISBN 978-7-5617-5664-5:CNY25.00
    本书对20世纪最伟大的心理学家之一——维果斯基的社会文化理论在教育中的运用作了详细介绍。还对“中介学习”等重要概念及其对教育的启示作了深入阐述。
●
相关链接 在E读中查询图书 在五车中查询图书 在当当中查询图书 在豆瓣中查询图书


正题名:心理工具     索取号:G446/JY486         预约/预借

序号 登录号 条形码 馆藏地/架位号 状态 备注
1 7806231   278062310   学院路分馆/ [索取号:G446/JY486] 在馆    
2 7806232   278062329   学院路分馆/ [索取号:G446/JY486] 在馆    
唐山师范学院图书馆 欢迎您!
大连网信软件有限公司© 版权所有